| 000 | 00504nam a22001817a 4500 | ||
|---|---|---|---|
| 003 | OSt | ||
| 005 | 20250605130844.0 | ||
| 008 | 250605b |||||||| |||| 00| 0 eng d | ||
| 020 | _a9*7881-264-3529-6 | ||
| 040 | _cSBCL | ||
| 082 |
_a158.1 _bJAC-V |
||
| 100 | _aJacob,Alexander | ||
| 245 | _aVyathyastharakan | ||
| 260 |
_aKottayam _bDC Books _c2024 |
||
| 300 | _a134p. | ||
| 650 |
_2Literature & rhetoric _aLiteratures of other languages _vAltaic, Uralic, Hyperborean & Dravidian |
||
| 942 | _cBOOK | ||
| 999 |
_c136994 _d136994 |
||